Impuesto global complementario AT 2017

Saved in:
Bibliografiske detaljer
Hovedforfatter: Araya Ibáñez, Gonzalo (Author)
Format: Bog
Sprog:spansk
Udgivet: Santiago Legal Publishing 2017
Udgivelse:4a. ed
Serier:Colección AT 2017
Fag:
Tags: Tilføj Tag
Ingen Tags, Vær først til at tagge denne postø!

MARC

LEADER 00000cam a2200000 a 4500
001 UCD8091
003 CL-VaPUC
008 170428e20170000cl |||||||||||||||||spa|d
020 |a 9789563468755 
082 0 4 |a 343.83052  |b ARA  |2 21 
100 0 |a Araya Ibáñez, Gonzalo  |e author  |9 591939 
245 1 0 |a Impuesto global complementario AT 2017 
250 |a 4a. ed 
300 |a 646 p 
942 |c BK 
945 |d 20170428 01:26:00  |a dcastane 
260 |a Santiago  |b Legal Publishing  |c 2017 
650 0 |a Derecho tributario  |9 258895 
650 0 |a Impuesto a la renta  |9 258171 
650 7 |a RENTAS  |2 CL-VaPUC  |9 324806 
650 0 |a Impuestos  |9 255450 
583 |a last modification  |c 20170428 01:26:00  |k Rodrigo Vera 
490 0 |a Colección AT 2017 
999 |c 367841  |d 367839 
952 |0 0  |1 0  |3 erb  |4 0  |6 343_830520000000000_ARA_2017  |7 0  |8 A  |9 482965  |a BIBDER  |b BIBDER  |i 5373670  |o 343.83052 ARA 2017  |p 5373670  |r 2023-01-25  |w 2019-11-24  |y BK  |z Catalogado en:20170428  |k DER 
952 |0 0  |1 0  |3 erb  |4 0  |6 343_830520000000000_ARA_2017  |7 0  |8 A  |9 482966  |a BIBGIM  |b BIBGIM  |i 5374510  |o 343.83052 ARA 2017  |p 5374510  |r 2025-01-15  |w 2019-11-24  |y BK  |z Catalogado en:20170428  |k COM 
952 |0 0  |1 0  |3 erb  |4 0  |6 343_830520000000000_ARA_2017  |7 0  |8 A  |9 482967  |a BIBGIM  |b BIBGIM  |i 5374502  |o 343.83052 ARA 2017  |p 5374502  |r 2025-01-15  |w 2019-11-24  |y BK  |z Catalogado en:20170428  |k COM 
952 |0 0  |1 0  |3 erb  |4 0  |6 343_830520000000000_ARA_2017  |7 0  |8 A  |9 482968  |a BIBGIM  |b BIBGIM  |i 5374499  |o 343.83052 ARA 2017  |p 5374499  |r 2025-01-15  |w 2019-11-24  |y BK  |z Catalogado en:20170428  |k COM